00410nam a22001457a 4500003000400000005001700004008004100021020001800062040002200080082001500102110003400117245006500151260002900216300001900245OSt20221012154023.0221012b |||||||| |||| 00| 0 eng d a3-905597-36-5 cBiblioteca Lado V a779bD224m aDaros Latin America AGeautor aLa Mirada - Looking at/bPhotography in Latin America Today/ aSuizabOehrli GmbHc2002 a268p.c25x30cm